[Event "23rd European Women Club Cup 2018"]
[Site "Halkidiki"]
[Date "2018.10.16"]
[Round "5"]
[White "Heinemann, Josefine"]
[Black "Pogonina, Natalija"]
[Result "0-1"]
[WhiteElo "2308"]
[BlackElo "2485"]
[Annotator "TA"]
[PlyCount "130"]
[EventDate "2018.10.12"]
[EventType "team-tourn"]
[EventCountry "GRE"]
[SourceTitle "playchess.com"]
[Source "ChessBase"]
[SourceQuality "1"]
[WhiteTeam "Mulhouse"]
[BlackTeam "Ugra"]

{[%evp 23,130,-14,-29,-36,-39,-69,-62,-63,-60,-66,-56,-68,-59,-87,-68,-62,-74,-97,-34,-164,-161,-166,-164,-156,-157,-149,-151,-161,-145,-154,-135,-206,-201,-197,-187,-195,-198,-201,-182,-183,-180,-181,-178,-175,-154,-195,-147,-186,-187,-193,-178,-192,-109,-138,-95,-95,-79,-79,-79,-109,-77,-77,-77,-77,-70,-375,-267,-203,-108,-364,-279,-427,-91,-90,-90,-101,-108,-685,-596,-698,-650,-650,-575,-564,-562,-519,-488,-1258,-1130,-1156,-1064,-984,-849,-935,-704,-2454,-2038,-11181,-8435,-29970,-29971,-29965,-29965,-29977,-29978,-29977,-29977,-29979,-29980]} 1. d4 Nf6 2. Nf3 d5 3. c4 e6 4. g3 Bb4+ 5. Bd2 Be7 6. Bg2 O-O 7. O-O Nbd7 8. Qc2 c6 9. Bf4 b6 10. Rd1 Ba6 {E08: Closed Catalan: Main Line: 7 Qc2} 11. Ne5 (11. b3 Rc8 12. Nc3 h6 13. e4 dxc4 14. Nd2 b5 15. bxc4 bxc4 16. Na4 g5 17. Be3 Ng4 18. Nf1 Qc7 19. Bd2 c5 20. d5 Nde5 21. h3 Nf6 {½-½ (72) Bareev,E (2666)-Vidit,S (2711) Batumi 2018}) 11... Rc8 12. Qa4 Nb8 $1 {LiveBook: 5 Games. The position is equal.} 13. Nc3 b5 14. cxb5 cxb5 15. Qb3 $146 ({Predecessor:} 15. Nxb5 Qb6 16. Nc3 Qxb2 17. Bd2 Rxc3 18. Bxc3 Qxc3 19. Rac1 Qb4 20. Qxb4 Bxb4 21. e3 Be2 {0-1 (21) Sos Andreu,E (2362)-Arizmendi Martinez,J (2529) La Massana 2015}) 15... b4 16. Na4 Bxe2 17. Rdc1 Qa5 $36 {[%mdl 2048] Black has the initiative.} 18. Bd2 Qb5 19. Nc5 a5 20. a3 {[%cal Ra3b4]} Bxc5 ({Black should play} 20... Nbd7 $17 {And now ...Nxe5 would win.} 21. axb4 axb4 22. Nexd7 Nxd7 23. Qxb4 Bxc5 24. dxc5 Nxc5 25. Qxb5 Bxb5) 21. dxc5 (21. Rxc5 $15 Rxc5 22. dxc5) 21... Nfd7 ({Stronger than} 21... Rxc5 22. Rxc5 Qxc5 23. axb4 $11) 22. Nxd7 Nxd7 23. axb4 {[#]} Nxc5 $1 {[%mdl 512]} 24. Qa3 (24. bxc5 Qxb3) 24... axb4 25. Bxb4 Nd3 26. Rxc8 Rxc8 27. Bc3 (27. Qa8 $17 {keeps fighting.} Qe8 28. Qa6) 27... Qb6 $19 28. Qa7 Qxa7 29. Rxa7 {[#]} d4 $1 {[%mdl 512]} 30. Bd2 (30. Bxd4 Rc1+) 30... f5 {Hoping for ...Rc2.} ({Resist} 30... Nxb2 31. Bb7 $17) 31. Ra8 Rxa8 32. Bxa8 Nxb2 {[%mdl 4096] Endgame KBB-KBN} 33. f4 Kf7 34. Bc6 Ba6 35. Bc1 Nc4 {...d3 is the strong threat.} 36. Kf2 Ke7 37. Ba4 Nb6 (37... Kf6 $19 38. Bc2 Nd6) 38. Bb3 $17 Bc4 39. Ba3+ Kf7 40. Bd1 Nd5 41. Bf3 Nf6 42. Bb2 d3 43. Ke3 Bd5 {aiming for ...Bxf3.} (43... Bb5 {is more complex.} 44. Bc1 Ke7 45. Kd4 Kd7 46. Ba3 Ba6) 44. Bxd5 $2 {[%mdl 8192]} ({Only move:} 44. Bd1 $15) 44... exd5 ({Less strong is} 44... Nxd5+ 45. Kxd3 h6 46. Ba3 $17) 45. Kxd3 $15 {KB-KN} Ng4 $1 46. h4 $2 {[%mdl 8192]} (46. h3 $17 Nf2+ 47. Kd4) 46... Nf2+ 47. Kd4 (47. Ke2 $142 Ne4 48. Kf3) 47... Ke6 $2 (47... Ne4 $19 48. Kxd5 Nxg3) 48. Bc3 $17 Ne4 49. Be1 g6 {[%cal Bg7g6,Bg6h5][%mdl 32]} 50. h5 $2 {[%mdl 8192]} (50. Kd3 $17) 50... gxh5 $19 51. Kd3 Nc5+ 52. Kd4 Nb7 53. Bb4 Nd6 54. Ba5 {[#]} Nf7 $1 {[%cal Rf7h6]} 55. Be1 {[#]} (55. Bb6 $142 Nh8 56. Bd8) 55... Nh8 $1 {[%cal Rh8g6]} 56. Ke3 Ng6 57. Bf2 Kd7 58. Kd4 Kc6 59. Ke3 {[#]} h4 $1 60. gxh4 h5 {[%cal Bh7h5,Bh5h4][%mdl 32]} 61. Bg3 Kc5 {Black mates.} 62. Kd3 d4 63. Bh2 Nxh4 64. Bg3 Ng6 65. Bh2 h4 {Precision: White = 37%, Black = 72%.} 0-1

[Event "23rd European Women Club Cup 2018"]
[Site "Halkidiki"]
[Date "2018.10.16"]
[Round "5"]
[White "Brunello, Marina"]
[Black "Mammadova, Gulnar"]
[Result "0-1"]
[WhiteElo "2294"]
[BlackElo "2355"]
[Annotator "TA"]
[PlyCount "132"]
[EventDate "2018.10.12"]
[EventType "team-tourn"]
[EventCountry "GRE"]
[SourceTitle "playchess.com"]
[Source "ChessBase"]
[SourceQuality "1"]
[WhiteTeam "Pentole Agnelli"]
[BlackTeam "Odlar Yurdu"]

{[%evp 13,132,20,35,16,16,14,17,18,30,21,45,50,54,8,54,14,68,54,69,76,101,62,88,87,91,13,16,-99,-81,-136,-137,-144,-144,-144,-144,-143,-138,-139,-97,-112,-115,-118,-116,-122,-113,-127,-110,-99,-88,-77,-79,-109,-102,-168,-165,-214,-160,-156,-145,-219,-156,-158,-149,-144,-141,-178,-175,-178,-175,-173,-166,-162,-165,-163,-155,-143,-134,-129,-134,-131,-128,-254,-238,-218,-218,-247,-130,-385,-359,-1317,-838,-3810,-4133,-3213,-2428,-1771,-1636,-3329,-2726,-2542,-1470,-29966,-29965,-29968,-29969,-29968,-5600,-29975,-29977,-29978,-29978,-29978,-29979,-29981,-29982,-29982,-29983,-29984,-29985,-29985,-29986]} 1. e4 e6 2. d4 d5 3. e5 c5 4. c3 Ne7 5. Nf3 Nec6 6. Bd3 b6 7. Qe2 {C02: French: Advance Variation} (7. O-O Be7 8. Re1 cxd4 9. cxd4 Ba6 10. Bc2 Nb4 11. Ba4+ Nd7 12. Nc3 Rc8 13. Re3 Nc6 14. Ne1 b5 15. Nxb5 {1-0 (37) Shirov,A (2712)-Braeuer,F (2413) Germany 2016}) 7... a5 {LiveBook: 7 Games} 8. O-O (8. a4 {looks sharper.} Ba6 9. Bb5 Be7 10. O-O O-O 11. Na3) 8... Ba6 9. Bxa6 {The position is equal.} Nxa6 10. Rd1 Be7 11. c4 Nxd4 $146 ({Predecessor:} 11... Nc7 12. Nc3 cxd4 13. Nxd4 Nxd4 14. Rxd4 {1-0 (28) Le Dortz,A (1930)-Sauvetre,A (2085) Noisy le Grand 2003}) 12. Nxd4 cxd4 13. Qg4 g6 14. Bh6 Qc7 (14... Nb4 $11) 15. cxd5 $14 Qxe5 16. dxe6 {And now Qf3 would win.} fxe6 17. Nd2 Rd8 18. Nc4 {[%mdl 1024] White has strong compensation.} Qf6 19. Re1 (19. Nxb6 $16 Nc5 20. Rac1) 19... Nc5 $11 20. Ne5 (20. Re5 $11) 20... Rd5 $1 $17 {[%cal Rd5e5]} 21. f4 (21. Qg3 $142) 21... Qh4 $1 {[%cal Rh4h6]} 22. Qxh4 Bxh4 23. g3 Bf6 24. Rad1 Ke7 25. h4 Rc8 26. Bg5 Nd7 {[%cal Rd7e5]} 27. Nf3 d3 28. Rd2 Rc2 29. Kf2 Rxd2+ 30. Nxd2 {[#]} h6 $1 {[%mdl 512]} 31. Bxf6+ (31. Bxh6 Bxb2) 31... Kxf6 {[%mdl 4096] Endgame KRN-KRN} 32. Rd1 e5 33. Ne4+ (33. Ke3 $17 {was worth a try.}) 33... Kf5 $1 $19 {[%cal Rf5e4]} 34. Ke3 exf4+ 35. gxf4 Nc5 36. Nc3 (36. Nd2 $17) 36... Rd6 37. Nb5 Re6+ 38. Kf3 Kf6 $1 39. Nd4 Re7 40. Nc6 {[#]} Re4 $1 {...Kf5 is the strong threat.} 41. Ne5 Kf5 42. Nxd3 Nxd3 43. Rxd3 {Threatens to win with Rd5+.} Rxf4+ {KR-KR} 44. Kg3 Rg4+ 45. Kh3 Rb4 46. b3 Re4 47. Rd6 (47. Rf3+ $17 Rf4 48. Rd3) 47... Re3+ 48. Kg2 Re6 49. Rd5+ {[#]} Ke4 ({Better is} 49... Kg4 $1 $19 50. Rd4+ Kh5) 50. Rb5 $2 {[%mdl 8192]} (50. Rd7 $17) 50... Kf4 51. Kh3 $2 (51. Rd5 Re2+ 52. Kf1 Rxa2 53. Rd6) 51... g5 {Hoping for ...Re2.} 52. hxg5 hxg5 {( -> ...Re2)} 53. Kg2 Re2+ 54. Kf1 Rxa2 55. Rxb6 g4 {[%cal Bg5g4,Bg4g3][%mdl 32]} 56. Rc6 Kg3 57. Rc3+ Kh2 58. Rc8 Ra1+ 59. Kf2 g3+ 60. Kf3 Rf1+ {Black mates.} 61. Ke2 Rf5 62. Rh8+ Kg1 63. Rg8 g2 64. Rg7 Rf2+ 65. Ke1 Rf3 66. Rg5 Kh2 {Precision: White = 34%, Black = 68%.} 0-1

[Event "23rd European Women Club Cup 2018"]
[Site "Halkidiki"]
[Date "2018.10.16"]
[Round "5"]
[White "Semenova, Elena"]
[Black "Cornette, Deimante"]
[Result "0-1"]
[WhiteElo "2263"]
[BlackElo "2462"]
[Annotator "TA"]
[PlyCount "80"]
[EventDate "2018.10.12"]
[EventType "team-tourn"]
[EventCountry "GRE"]
[SourceTitle "playchess.com"]
[Source "ChessBase"]
[SourceQuality "1"]
[WhiteTeam "SSHOR"]
[BlackTeam "Monte-Carlo"]

{[%evp 19,80,22,22,-22,-8,-12,0,-18,-3,-13,-4,0,0,0,0,0,11,-25,-16,-29,-16,-16,-14,-11,0,-12,0,-40,-34,-74,-83,-84,-85,-120,-67,-96,-63,-58,-49,-805,-789,-951,-932,-893,-901,-2862,-2104,-2438,-2591,-2404,-2301,-2055,-2051,-2309,-2408,-29981,-29982,-29984,-29985,-29996,-29997,-29997,-425]} 1. e4 c5 2. Nc3 Nc6 3. Bb5 Nd4 4. Bc4 a6 (4... e6 5. Nge2 Ne7 6. Nxd4 cxd4 7. Ne2 Nc6 8. O-O a6 9. d3 d5 10. exd5 exd5 11. Bb3 Bd6 12. Nf4 Bxf4 13. Bxf4 O-O 14. Qf3 Be6 15. Rfe1 {1-0 (58) Cornette,M (2611)-Lenic,L (2662) chess.com INT 2018}) 5. Nge2 e6 6. Nxd4 {B23: Closed Sicilian: Lines without g3} cxd4 7. Ne2 b5 8. Bb3 Bb7 9. d3 Bc5 10. O-O Ne7 {LiveBook: 23 Games} 11. c3 Nc6 12. Bf4 d6 13. Bd2 O-O 14. Kh1 d5 15. exd5 exd5 16. Rc1 $146 Bb6 17. f4 f5 18. cxd4 Re8 19. Re1 Qd6 20. a3 Re6 21. Ng1 Nxd4 {...Rxe1 is the strong threat.} 22. Rxe6 Nxe6 23. Ne2 a5 24. Bc3 Nxf4 25. Nxf4 Qxf4 26. Bd2 Qf2 ({Black should play} 26... Be3 $17 27. Bxe3 Qxe3) 27. Rc2 $15 Qh4 28. Qf3 Qd4 $40 {[%csl Gb6][%cal Rd4g1][%mdl 128] [#] Black attacks.} 29. Be3 $2 {[%mdl 8192]} (29. Rc1 $15) 29... Re8 $19 30. Re2 Rxe3 31. Rxe3 Qxe3 {[%csl Gb6][%cal Re3g1]} 32. Bxd5+ Bxd5 33. Qxd5+ Kf8 {[%csl Gb6][%cal Re3g1] [#]} 34. Qxf5+ Ke7 {[%csl Gb6][%cal Re3g1]} 35. Qf1 a4 36. h3 Bd4 37. Qb1 g5 {Black mates.} 38. Kh2 g4 39. hxg4 Be5+ 40. Kh1 Qh6+ {Precision: White = 41%, Black = 57%.} (40... Qg3 $142 41. Kg1 Bd4+ 42. Kh1 Qh4#) 0-1

[Event "23rd European Women Club Cup 2018"]
[Site "Halkidiki"]
[Date "2018.10.16"]
[Round "5"]
[White "Injac, Teodora"]
[Black "De Rosa, Mariagrazia"]
[Result "1-0"]
[WhiteElo "2258"]
[BlackElo "2131"]
[Annotator "TA"]
[PlyCount "135"]
[EventDate "2018.10.12"]
[EventType "team-tourn"]
[EventCountry "GRE"]
[SourceTitle "playchess.com"]
[Source "ChessBase"]
[SourceQuality "1"]
[WhiteTeam "Maribor"]
[BlackTeam "Banca Alpi Marittime"]

{[%evp 28,135,6,6,10,5,10,0,7,-2,64,76,209,219,208,189,293,77,59,21,24,6,29,34,39,32,52,55,96,87,103,48,81,89,117,117,211,199,201,206,224,179,174,148,149,155,250,125,110,127,112,92,154,154,154,148,148,148,147,146,146,146,146,110,112,112,126,117,131,88,88,88,29943,12045,29964,29962,29958,29956,29951,29954,29960,29949,29954,12059,29966,29964,29984,29972,29984,29975,29979,29979,29978,29976,29980,29981,29981,29982,29981,29982,29987,29988,29988,29989,29989,29990,29990,29988,29997,29998]} 1. d4 Nf6 2. Nf3 g6 3. c4 Bg7 4. Nc3 O-O 5. e4 d6 6. Be2 e5 7. O-O Nc6 8. Be3 Ng4 9. Bg5 f6 10. Bc1 f5 11. d5 Ne7 12. Ng5 Nf6 {E97: King's Indian: Classical Main Line (6...e5 7 0-0 Nc6): 8 Be3 and 8 d5 Ne7, not 9 Ne1} 13. exf5 Nxf5 14. Nge4 Nxe4 15. Nxe4 {LiveBook: 7 Games} Qh4 16. Bd3 {aiming for Bg5.} Bh6 17. Bxh6 Nxh6 18. Qd2 {[#]} Nf5 $146 ({Black should try} 18... Ng4 $11 19. h3 Nf6) ({Predecessor:} 18... Ng4 19. h3 Nf6 20. Rae1 Bf5 21. Ng3 Bxd3 22. Qxd3 b6 23. Re3 a5 24. Qe2 {½-½ (24) Ovsejevitsch,S (2582)-Abbasov,F (2537) Basel 2011}) 19. f4 $14 exf4 (19... Bd7 $16) 20. Rxf4 $18 Qe7 21. Re1 Qg7 (21... Bd7 {was called for.} 22. g4 Nd4 23. Nf6+ Qxf6 24. Rxf6 Rxf6) 22. Ng5 $2 (22. g4 $18 {and the rest is easy.}) 22... Bd7 $16 23. Bxf5 Bxf5 24. Rh4 h6 25. Ne6 Bxe6 $1 26. Rxe6 h5 27. Qg5 $40 {[%mdl 128] Black needs to defend precisely.} Rf5 28. Qxg6 Raf8 {[%csl Gf8][%cal Rf5f1]} 29. Qxg7+ Kxg7 {[%csl Gf8][%cal Rf5f1][%mdl 4096] Endgame KRR-KRR} 30. h3 Rf1+ 31. Kh2 R1f2 (31... R1f5 $16 32. b3 a6) 32. Rxh5 $18 R8f7 33. Rg5+ Kh7 34. b4 Rxa2 35. c5 dxc5 36. bxc5 Ra5 (36... Raf2 $16 37. Kg3 Rd2) 37. d6 (37. Re4 $18 {[%cal Re4h4]} Kh6 38. Rg3) 37... cxd6 $16 38. Rxd6 Rc7 39. Rgd5 (39. Rd4 {is interesting.} Kh6 40. Rdd5 Kh7 41. Kg3 Rb5 42. Rd4) 39... Rb5 (39... Raxc5 $142 40. Rxc5 Rxc5) 40. Rd7+ Rxd7 41. Rxd7+ {KR-KR} Kg6 42. c6 bxc6 {[#]} 43. Rd6+ $1 Kg5 44. Rxc6 a5 45. Ra6 Rc5 46. Ra8 Rb5 47. Rg8+ Kh6 48. g4 a4 {White should prevent ...Ra5.} 49. Ra8 Rb2+ $2 {[%mdl 8192] [#]} (49... Kg5 $16) 50. Kg3 $1 Ra2 51. Ra6+ Kg7 52. Kh4 Ra1 53. Kg5 a3 54. h4 a2 55. h5 (55. Ra7+ $142 Kg8 56. h5 Rb1 57. Rxa2 Rb5+ 58. Kh4 Rb6 59. Ra4 Rb2 60. g5) 55... Kf7 56. h6 {White mates.} Kf8 57. Ra7 Re1 58. Rxa2 Re8 59. Ra7 Kg8 60. Kf6 Rf8+ 61. Kg6 Rb8 62. Ra5 Rb6+ 63. Kh5 Kh7 64. g5 {[%cal Bg4g5,Bg5g6][%mdl 32]} Rb8 65. g6+ Kg8 66. h7+ Kg7 67. Ra7+ Kh8 68. Kh6 {Precision: White = 64%, Black = 24%.} 1-0

[Event "23rd European Women Club Cup 2018"]
[Site "Halkidiki"]
[Date "2018.10.16"]
[Round "5"]
[White "Richard, Emma"]
[Black "Nechaeva, Marina"]
[Result "0-1"]
[WhiteElo "2127"]
[BlackElo "2409"]
[Annotator "TA"]
[PlyCount "124"]
[EventDate "2018.10.12"]
[EventType "team-tourn"]
[EventCountry "GRE"]
[SourceTitle "playchess.com"]
[Source "ChessBase"]
[SourceQuality "1"]
[WhiteTeam "Mulhouse"]
[BlackTeam "Ugra"]

{[%evp 25,124,31,33,28,36,39,45,31,37,38,38,-19,16,17,26,-13,-11,-10,0,-150,-45,-156,-139,-145,-137,-150,-158,-221,-152,-172,-158,-362,-355,-373,-342,-496,-492,-500,-487,-547,-339,-340,-341,-323,-306,-298,-290,-308,-280,-283,-280,-268,-254,-251,-244,-244,-244,-260,-241,-274,-243,-283,-275,-269,0,-255,-234,-319,-321,-322,-314,-324,-317,-348,-318,-339,-339,-877,-854,-854,-852,-852,-832,-756,-381,-533,-537,-1053,-1052,-12837,-1147,-12845,-12846,-12843,-878,-12845,-12846,-12848,-12848,-12849,-12849]} 1. e4 c5 2. Nf3 d6 3. Bb5+ Nc6 4. O-O Bd7 5. c3 Nf6 6. Re1 a6 7. Bf1 Bg4 8. h3 Bxf3 9. Qxf3 g6 10. d3 Bg7 11. Be3 Nd7 {B51: Sicilian: Moscow Variation (3 Bb5+) without 3...Bd7} 12. Nd2 O-O 13. Qd1 b5 {LiveBook: 88 Games. White is slightly better.} 14. f4 Rb8 15. Nf3 {[#]} e6 $146 ({Predecessor:} 15... Nb6 16. Rc1 Qd7 17. d4 cxd4 18. cxd4 {½-½ (95) Kuzubov,Y (2656)-Andriasian,Z (2628) Martuni 2014}) 16. d4 cxd4 17. cxd4 Nf6 {[%cal Bd7f6,Bf6d5,Bd5f4][%mdl 32]} 18. a4 (18. Rc1 $14 Rc8 19. Bd3) 18... Qd7 ({Avoid the trap} 18... Nxe4 $2 19. Qc2 $18) 19. axb5 axb5 20. e5 Nd5 21. Bd2 Rfd8 22. Ng5 (22. Qe2 $11) 22... Qb7 (22... Nxd4 $17 {Strongly threatening ...Rbc8.} 23. Nf3 Nxf3+ 24. Qxf3 Ra8 25. Rxa8 Rxa8) 23. Ba5 ({White should play} 23. Nf3 $1 $15) 23... Nxa5 24. Rxa5 Nxf4 25. Rxb5 Qc7 {Hoping for ...Rxb5.} 26. g3 (26. Rxb8 $17 {was worth a try.} Rxb8 27. Nf3) 26... Rxb5 27. Bxb5 Nd5 {[%cal Rd6e5]} 28. Qf3 $2 (28. Qe2 $17) 28... dxe5 $19 29. dxe5 h6 30. Nxe6 (30. Qxf7+ {keeps fighting.} Qxf7 31. Nxf7 Kxf7 32. b3) 30... fxe6 31. Bd3 Ne7 32. Qe4 Qxe5 33. Qxe5 Bxe5 34. Bc4 Bxb2 35. Rxe6 {Black must now prevent Rd6+.} Kf8 36. g4 Rd4 37. Rf6+ {[#]} Ke8 $1 38. Bf7+ Kd8 {Threatens to win with ...Rxg4+!} 39. Ra6 Rd1+ 40. Kg2 Rd2+ 41. Kf3 Rd3+ 42. Ke4 Ra3 43. Rb6 Ra4+ ({Stronger than} 43... Rxh3 44. Rxb2 Rg3 45. Rd2+ Kc7 46. Be6 $11) 44. Kd3 Ra3+ 45. Ke4 Bc1 ({Not} 45... Rxh3 46. Rxb2 g5 47. Rd2+ Kc7 48. Rc2+ Kb6 49. Rb2+ Kc6 50. Rc2+ Kd6 51. Rd2+ Kc5 52. Rc2+ Kd6 53. Rd2+ Kc5 54. Rc2+ Kb6 55. Rb2+ Kc6 56. Rc2+ Kd6 $11) 46. Bxg6 Kc7 47. Rb1 Bg5 48. Be8 Rxh3 49. Rg1 Re3+ 50. Kd4 Kd6 {[#] aiming for ...Nd5.} 51. Rg2 $2 (51. Ra1) 51... Nd5 52. Bf7 Bf6+ 53. Kc4 Re4+ 54. Kb3 Ne3 55. Re2 Re7 {Black is clearly winning.} 56. Bh5 Rb7+ 57. Ka4 Nd5 {...Nc3+ is the strong threat.} 58. Rc2 Nc3+ 59. Ka5 Bd4 60. Bg6 Kc5 {[%cal Rb7a7]} 61. Bd3 Ra7+ 62. Ba6 Be5 {Precision: White = 24%, Black = 57%.} 0-1

[Event "23rd European Women Club Cup 2018"]
[Site "Halkidiki"]
[Date "2018.10.16"]
[Round "5"]
[White "Mar, Karmen"]
[Black "Guerini, Silvia jr"]
[Result "0-1"]
[WhiteElo "2107"]
[BlackElo "1977"]
[Annotator "TA"]
[PlyCount "112"]
[EventDate "2018.10.12"]
[EventType "team-tourn"]
[EventCountry "GRE"]
[SourceTitle "playchess.com"]
[Source "ChessBase"]
[SourceQuality "1"]
[WhiteTeam "Maribor"]
[BlackTeam "Banca Alpi Marittime"]

{[%evp 18,112,0,0,148,142,137,-94,-91,-95,-87,-73,-89,-100,-102,-139,-135,-139,-129,-145,-142,-147,-121,-200,-144,-171,-165,-177,-162,-212,-196,-166,-90,-85,-46,-48,-53,-63,-59,-52,-59,-51,-21,-28,-21,-23,0,-17,0,-155,-153,-134,-127,-192,-192,-194,-189,-182,-189,-193,-186,-186,-193,-192,-176,-224,-229,-233,-233,-279,-254,-377,-357,-421,-435,-378,-436,-428,-340,-482,-382,-810,-784,-815,-706,-1441,-1420,-5119,-4914,-29998,-29993,-29993,-29994,-29995,-29995,-29996,-29996]} 1. e4 c5 2. Nc3 e6 3. Nf3 Nc6 4. Bb5 Nge7 5. O-O a6 6. Bxc6 Nxc6 7. Re1 Qc7 8. d4 cxd4 9. Nxd4 Bd6 10. Nxc6 {LiveBook: 57 Games} Bxh2+ $146 {B30: Sicilian: 2...Nc6 3 Bb5, lines without ...g6} (10... bxc6 $11 {remains equal.} 11. Qh5 Be5) ({Predecessor:} 10... dxc6 11. Qh5 e5 12. Be3 O-O 13. a4 a5 14. Rad1 Be6 15. Nb1 Rfd8 16. Nd2 b5 17. Nb3 Bb4 18. c3 Bxc3 19. bxc3 Bxb3 20. Rxd8+ Rxd8 21. axb5 cxb5 {0-1 (26) Ni,H (2677)-Yu,Y (2705) Shenzhen 2014}) 11. Kh1 $16 {Black must now prevent Nd5.} bxc6 {[#]} 12. Qg4 $2 (12. g3 $1 $16) 12... Be5 $17 {Black is better.} 13. f4 Bxc3 14. bxc3 O-O {[%cal Bh8f8,Bf8f7,Bf7f6][%mdl 32]} 15. Ba3 f5 16. Qh5 c5 17. e5 Bb7 18. Re3 {intending Rh3.} Rf7 19. c4 Be4 20. Qe2 (20. Rd1 $17) 20... Rb8 21. Rh3 d6 22. exd6 Qxd6 23. Rf1 Rf6 {Strongly threatening ...Rg6.} 24. Qf2 Qc6 (24... Rg6 $19 25. Rg3 Rxg3 26. Qxg3 Qd4) 25. Rg3 Rc8 26. Bb2 Rg6 27. Rd1 Qb7 $36 {[%mdl 2048] Black has some pressure.} 28. Rxg6 hxg6 29. Be5 Kf7 30. Kg1 Rh8 31. Qd2 Bc6 {aiming for ...g5!} 32. Qd6 Rh4 {Hoping for ...Rg4.} ({Not} 32... Bxg2 $2 33. Qd7+ Qxd7 34. Rxd7+ Ke8 35. Rc7 $18 (35. Rxg7 Be4 $11)) (32... Rh5 {with more complications.} 33. Rd3 Bxg2 34. Qd7+ Qxd7 35. Rxd7+ Ke8) 33. Qc7+ $2 (33. Qd8 $11 Qe7 34. Qb8) 33... Qxc7 34. Bxc7 {[%mdl 4096] Endgame KRB-KRB} Rg4 35. Rd2 (35. Rd6 $17 {keeps fighting.} Rxg2+ 36. Kf1) 35... g5 $19 36. fxg5 Rxg5 37. Bd6 Rg4 38. Bxc5 Rxc4 39. Bd4 g5 40. c3 Bd5 41. a3 Ra4 42. Bc5 {[#]} Rg4 $1 43. Bd4 f4 44. Kf1 (44. c4 $142 Bxc4 45. Bf2) 44... Rg3 45. Rc2 Bc4+ 46. Kg1 Kg6 47. Rf2 Bd5 48. Kh2 (48. Re2 {was worth a try.}) 48... Kf5 49. Re2 $2 (49. c4 Bxc4 50. Bc5) 49... Be4 50. c4 Rxa3 51. c5 Rd3 52. Bg1 g4 {[%cal Bg5g4,Bg4g3][%mdl 32] ( -> ...Rh3+!)} 53. Ra2 g3+ {Black mates.} 54. Kh1 f3 55. c6 fxg2+ 56. Rxg2 Rd2 {Precision: White = 30%, Black = 85%.} 0-1